Køn - Statistics

General Stats
  • This quiz has been taken 344 times
  • The average score is 3 of 31
Answer Stats
Answer % Correct
Mand
86%
Kvinde
85%
Transkønnet
38%
Intetkønnet
19%
Akønnet
5%
Pankønnet
4%
Androgyn
2%
Demigirl
2%
Interkønnet
2%
Queer
2%
Transkvinde
2%
Transmand
2%
Polykønnet
1%
Demiguy
0%
Dobbeltkønnet
0%
Flydende kønsidentitet
0%
Genderfuck
0%
Genderpivot
0%
Genderqueer
0%
Intergender
0%
Kønsneutral
0%
Neutrois
0%
Omnikønnet
0%
Questioning
0%
Situationsbestemt flydende kønsidentitet
0%
Transfeminin
0%
Transmaskulin
0%
Transseksuel
0%
Tredje køn
0%
Trikønnet
0%
Two-spirit
0%
No matching quizzes found
Score Distribution
Percent of People with Each Score
Percentile by Number Answered
Your Score History
You have not taken this quiz